| 000 | 00000nam##2200000za#4500 |
| 001 | 9.589878 |
| 003 | CaOODSP |
| 005 | 20210624195846 |
| 007 | cr ||||||||||| |
| 008 | 150406|1989||||xxc|||||o f|0| 0 fre|d |
| 022 | |a1488-5379 |
| 040 | |aCaOODSP|bfre |
| 041 | |aeng |
| 041 | |afre |
| 043 | |an-cn--- |
| 086 | 1 |aFs97-6/1714-PDF |
| 110 | 1 |aCanada. |bMinistère des pêches et des océans. |
| 245 | 10|aComptes rendus, 15e colloque annuel sur la toxicologie aquatique – Le 28, 29 et 30 novembre 1988, Hotel Delta, Montréal, Québec / |h[ressource électronique]|cÉditeurs, A.J. Niimi and K.R. Solomon. |
| 260 | |aOttawa - Ontario : |bPêches et Océans Canada |c1989. |
| 300 | |a201p.|bfigures, références, tableaux |
| 490 | 1 |aRapport technique canadien des sciences halieutiques et aquatiques|x1488-5379|vN° 1714 |
| 546 | |aTextes préliminaires en français et en anglais. Les articles en leurs langues originales. |
| 590 | |a14-04-Supp|b2014-02-05 |
| 791 | |tProceedings, 15th Annual Aquatic Toxicity Workshop – November 28-30, 1988, Delta Hotel, Montreal, Quebec / |eeng|w(CaOODSP)9.589877 |
| 830 | #0|aRapport technique canadien des sciences halieutiques et aquatiques,|x1488-5379|vN° 1714|w(CaOODSP)9.500270 |
| 856 | 40|ahttp://publications.gc.ca|qPDF|s8538 Ko|uhttps://publications.gc.ca/collections/collection_2014/mpo-dfo/Fs97-6-1714.pdf|yN° 1714 |